Moon Phases - Statistics

General Stats
  • This quiz has been taken 127 times
  • The average score is 4 of 8
Answer Stats
Answer % Correct
New Moon
99%
Waxing Crescent
62%
Full Moon
58%
Waning Crescent
46%
Waxing Gibbous
46%
Waning GIbbous
44%
First Quarter
40%
Third Quarter
38%
No matching quizzes found
Score Distribution
Percent of People with Each Score
Percentile by Number Answered
Your Score History
You have not taken this quiz